Dalam Barisan

Bibliographic Details
Main Author: Saloma Mat Lajis
Format: Book
Published: Johor : PMBT Enterprise , 2008
Series:Siri Jati Diri

MARC

LEADER 00000cam a2200000 7i4500
001 0000046056
005 20150408.0
008 150304
020 |a 9789833760442 
020 |a 9789833760497 (set) 
090 0 0 |a MOR   |b MAL 
100 0 |a Saloma Mat Lajis 
245 1 0 |a Dalam Barisan   |c Saloma Mat Lajis 
260 |a Johor :   |b PMBT Enterprise ,   |c 2008 
490 0 |a Siri Jati Diri 
999 |a 0001088721   |b Book   |c Children Collection   |e Cawangan Segamat 
999 |a 0001088729   |b Book   |c Children Collection   |e Cawangan Segamat 
999 |a 0001088753   |b Book   |c Children Collection   |e Cawangan Bukit Gambir 
999 |a 0001092771   |b Book   |c Children Collection   |e Cawangan Tangkak 
999 |a 0001092779   |b Book   |c Children Collection   |e Cawangan Taman Universiti 
999 |a 0001092795   |b Book   |c Children Collection   |e Cawangan Mersing 
999 |a 0001092811   |b Book   |c Children Collection   |e Cawangan Kota Tinggi 
999 |a 0001092835   |b Book   |c Children Collection   |e Cawangan Segamat 
999 |a 0001092843   |b Book   |c Children Collection   |e Cawangan Bukit Gambir 
999 |a 0001092867   |b Book   |c Children Collection   |e Cawangan Taman Universiti 
999 |a 0001092875   |b Book   |c Children Collection   |e Cawangan Tmn. Ungku Tun Aminah 
999 |a 0001092899   |b Book   |c Adult Collection   |e Cawangan Mersing 
999 |a 0001092907   |b Book   |c Children Collection   |e Cawangan Pontian 
999 |a 0001092931   |b Book   |c Children Collection   |e Cawangan Bandar Penawar 
999 |a 0001092947   |b Book   |c Children Collection   |e Cawangan Bukit Gambir 
999 |a 0001092971   |b Book   |c Children Collection   |e Cawangan Tmn. Ungku Tun Aminah 
999 |a 0001092987   |b Book   |c Children Collection   |e Cawangan Mersing 
999 |a 0001093003   |b Book   |c Children Collection   |e Cawangan Pontian 
999 |a 0001093019   |b Book   |c Children Collection   |e Cawangan Segamat 
999 |a 0001093027   |b Book   |c Children Collection   |e Cawangan Taman Sri Lambak 
999 |a 0001093035   |b Book   |c Children Collection   |e Cawangan Segamat 
999 |a 0001093051   |b Book   |c Children Collection   |e Cawangan Taman Sri Lambak 
999 |a 0001093067   |b Book   |c Children Collection   |e Cawangan Bukit Gambir 
999 |a 0001093075   |b Book   |c Children Collection   |e Cawangan Taman Universiti 
999 |a 0001093083   |b Book   |c Children Collection   |e Cawangan Tmn. Ungku Tun Aminah 
999 |a 0001093107   |b Book   |c Children Collection   |e Cawangan Pontian 
999 |a 0001093115   |b Book   |c Children Collection   |e Cawangan Mersing 
999 |a 0001093123   |b Book   |c Children Collection   |e Cawangan Bandar Tenggara 
999 |a 0001515932   |b Book   |c Children Collection   |e Cawangan Tangkak 
999 |a 0001717883   |b Book   |c Children Collection   |e Cawangan Bandar Penawar 
999 |a 0001717890   |b Book   |c Children Collection   |e Cawangan Bandar Penawar